The big three in economics : (Record no. 8578)
[ view plain ]
| 000 -LEADER | |
|---|---|
| fixed length control field | 01481nac a22002891u 4500 |
| 010 ## - LIBRARY OF CONGRESS CONTROL NUMBER | |
| LC control number | 2006020466 |
| 020 ## - INTERNATIONAL STANDARD BOOK NUMBER | |
| International Standard Book Number | 0765616947 (cloth : alk. paper) |
| 082 00 - DEWEY DECIMAL CLASSIFICATION NUMBER | |
| Classification number | 330.150922 |
| Item number | SKO |
| 090 ## - LOCALLY ASSIGNED LC-TYPE CALL NUMBER (OCLC); LOCAL CALL NUMBER (OCLC) | |
| -- | 8578 |
| -- | 8578 |
| 100 ## - MAIN ENTRY--PERSONAL NAME | |
| Personal name | Skousen, Mark. |
| 245 14 - TITLE STATEMENT | |
| Title | The big three in economics : |
| Remainder of title | Adam Smith, Karl Marx, and John Maynard Keynes / |
| Statement of responsibility, etc | Mark Skousen. |
| 260 ## - PUBLICATION, DISTRIBUTION, ETC. (IMPRINT) | |
| Place of publication, distribution, etc | Armonk, New York |
| Name of publisher, distributor, etc | M.E. Sharpe,2007 |
| Date of publication, distribution, etc | c2007. |
| 300 ## - PHYSICAL DESCRIPTION | |
| Extent | xi, 243 p. : |
| Other physical details | ill. ; |
| Dimensions | 24 cm. |
| 500 ## - GENERAL NOTE | |
| General note | distributer: Al-Ahram |
| 504 ## - BIBLIOGRAPHY, ETC. NOTE | |
| Bibliography, etc | Includes bibliographical references (219-230) and index. |
| 505 0# - FORMATTED CONTENTS NOTE | |
| Formatted contents note | Adam Smith declares an economic revolution in 1776 -- From Smith to Marx: the rise and fall of classical economics -- Karl Marx leads a revolt against capitalism -- From Marx to Keynes: scientific economics comes of age -- John Maynard Keynes: capitalism faces its greatest challenge -- Conclusion: has Adam Smith triumphed over Marx and Keynes?. |
| 511 ## - PARTICIPANT OR PERFORMER NOTE | |
| Participant or performer note | catalogued by: wessam |
| 600 10 - SUBJECT ADDED ENTRY--PERSONAL NAME | |
| Personal name | Smith, Adam, |
| Dates associated with a name | 1723-1790. |
| 600 10 - SUBJECT ADDED ENTRY--PERSONAL NAME | |
| Personal name | Marx, Karl, |
| Dates associated with a name | 1818-1883. |
| 600 10 - SUBJECT ADDED ENTRY--PERSONAL NAME | |
| Personal name | Keynes, John Maynard, |
| Dates associated with a name | 1883-1946. |
| 650 #0 - SUBJECT ADDED ENTRY--TOPICAL TERM | |
| Topical term or geographic name as entry element | Economists |
| General subdivision | History. |
| 650 #0 - SUBJECT ADDED ENTRY--TOPICAL TERM | |
| Topical term or geographic name as entry element | Economics |
| General subdivision | Philosophy. |
| 650 #0 - SUBJECT ADDED ENTRY--TOPICAL TERM | |
| Topical term or geographic name as entry element | Economists |
| Form subdivision | Biography. |
| 856 41 - ELECTRONIC LOCATION AND ACCESS | |
| Materials specified | Table of contents only |
| Uniform Resource Identifier | <a href="http://www.loc.gov/catdir/toc/ecip0615/2006020466.html">http://www.loc.gov/catdir/toc/ecip0615/2006020466.html</a> |
| 942 ## - ADDED ENTRY ELEMENTS (KOHA) | |
| Item type | Book - Borrowing |
| Call number prefix | 330.150922SKO |
| Withdrawn status | Item status | Damaged status | Not for loan | Home library | Current library | Shelving location | Date acquired | Source of acquisition | Total Checkouts | Total Renewals | Full call number | Barcode | Date last seen | Date last borrowed | Koha item type |
|---|---|---|---|---|---|---|---|---|---|---|---|---|---|---|---|
| Central Library | Central Library | First floor | 08/03/2013 | Purchase | 16 | 52 | 330.150922SKO | 000010406 | 15/07/2025 | 25/03/2024 | Book - Borrowing |